000 00641nam a2200241Ia 4500
003 OSt
005 20221005123153.0
006 a|||||r|||| 00| 0
007 ta
008 221004b |||||||| |||| 00| 0 san d
024 _a43752
037 _cTextual
040 _aCRL
_cCRL
_bsan
041 _2san
_asan
082 _aO15:1K00:1, J5 unde rsize
100 _aSomanatha
_962785
245 0 _aKrsnagiti ed by Priyabala Shah
260 _c1955
650 _a ENGLISH LITERATURE
650 _aSANSKRIT LITERATURE
942 _hO15:1K00:1, J5 unde rsize
_cTEXL
_2cc
999 _c1046599
_d1046599